A Diagnosis - Crazy Ex Girlfriend Lyrics - Statistics

General Stats
  • This quiz has been taken 7 times
  • The average score is 157 of 299
Answer Stats
Lyric % Correct
a
100%
be
100%
heard
100%
I
100%
it
100%
its
100%
I've
100%
i've
100%
me
100%
no
100%
or
100%
so
100%
the
100%
time
100%
to
100%
what
100%
who
100%
you
100%
(you
100%
but
75%
could
75%
diagnosis
75%
For
75%
for
75%
got
75%
i'll
75%
i'm
75%
I'm
75%
in
75%
know
75%
maybe
75%
my
75%
never
75%
not
75%
Rebecca)
75%
Schizophrenic
75%
start
75%
tell
75%
then
75%
they
75%
this
75%
voices
75%
was
75%
with
75%
(You're
75%
all
50%
are
50%
at
50%
Bipolar
50%
by
50%
cool
50%
Doc
50%
don't
50%
finally
50%
get
50%
how
50%
if
50%
is
50%
known
50%
least
50%
mean
50%
now
50%
of
50%
on
50%
one
50%
perfect
50%
pill
50%
pills
50%
said
50%
something
50%
super
50%
Thanks!
50%
that
50%
they're
50%
tried
50%
whole
50%
wrong
50%
years
50%
about
25%
addiction
25%
almost
25%
an
25%
and
25%
aware
25%
blow
25%
'cause
25%
confusingly)
25%
confusion
25%
didn't
25%
feathers
25%
find
25%
fit
25%
fix
25%
foil
25%
give
25%
gone
25%
hat
25%
illness
25%
inner
25%
joint
25%
like
25%
lite
25%
make
25%
meant
25%
mental
25%
met
25%
more
25%
naturopath
25%
oh
25%
out
25%
pet
25%
ready
25%
right
25%
say
25%
sense
25%
sex
25%
sister
25%
stigma
25%
stigmatized
25%
that's
25%
there
25%
things
25%
thirty
25%
tin
25%
were
25%
when
25%
worries
25%
yes
25%
affliction
0%
anxiety
0%
armed
0%
bad
0%
belonged
0%
bloating
0%
bottle
0%
cats
0%
causes
0%
chant
0%
doctors
0%
doesn't
0%
easy
0%
effects
0%
error
0%
fads
0%
fake
0%
guy
0%
here
0%
hoarders
0%
insomnia
0%
isn't
0%
knew
0%
label
0%
list
0%
mom
0%
move
0%
need
0%
numbers
0%
obsessives
0%
other
0%
penises
0%
people
0%
prescribe
0%
put
0%
realized
0%
really
0%
reason
0%
regret
0%
rock
0%
sadness
0%
says
0%
share
0%
side
0%
slap
0%
solutions
0%
strong
0%
take
0%
terror
0%
theres
0%
those
0%
throng
0%
til
0%
trial
0%
tribe
0%
tricks
0%
used
0%
wasn't
0%
weakness
0%
worth
0%
No matching quizzes found
Score Distribution
Percent of People with Each Score
Percentile by Number Answered
Your Score History
You have not taken this quiz